ปรัชญากฎหมายพระเจ้าอยู่หัว / (ระเบียนเลขที่ 93080)
| 000 -LEADER | |
|---|---|
| fixed length control field | 01023nam a22002297a 4500 |
| 003 - CONTROL NUMBER IDENTIFIER | |
| control field | NALT |
| 005 - DATE AND TIME OF LATEST TRANSACTION | |
| control field | 20210512093526.0 |
| 008 - FIXED-LENGTH DATA ELEMENTS--GENERAL INFORMATION | |
| fixed length control field | 170714b th ||||| |||| 00| 0 tha d |
| 020 ## - INTERNATIONAL STANDARD BOOK NUMBER | |
| International Standard Book Number | 9786163881663 |
| 040 ## - CATALOGING SOURCE | |
| Original cataloging agency | NALT |
| 050 ## - LIBRARY OF CONGRESS CALL NUMBER | |
| Classification number | PN 4193.K5 |
| Item number | ภ671ป 2559 |
| 100 0# - MAIN ENTRY--PERSONAL NAME | |
| Personal name | อุดมพร อมรธรรม |
| 9 (RLIN) | 307 |
| 245 10 - TITLE STATEMENT | |
| Title | ปรัชญากฎหมายพระเจ้าอยู่หัว / |
| Statement of responsibility, etc. | อุดมพร อมรธรรม, เรียบเรียง. |
| 250 ## - EDITION STATEMENT | |
| Edition statement | พิมพ์ครั้งที่ 3 |
| 260 ## - PUBLICATION, DISTRIBUTION, ETC. | |
| Place of publication, distribution, etc. | กรุงเทพฯ : |
| Name of publisher, distributor, etc. | แสงดาว, |
| Date of publication, distribution, etc. | 2559. |
| 300 ## - PHYSICAL DESCRIPTION | |
| Extent | 141 หน้า : |
| Other physical details | ภาพประกอบ ; |
| Dimensions | 21 ซม. |
| 600 00 - SUBJECT ADDED ENTRY--PERSONAL NAME | |
| Personal name | ภูมิพลอดุลยเดช, |
| Titles and other words associated with a name | พระบาทสมเด็จพระเจ้าอยู่หัว |
| General subdivision | พระราชดำรัส |
| 9 (RLIN) | 6644 |
| 650 #4 - SUBJECT ADDED ENTRY--TOPICAL TERM | |
| 9 (RLIN) | 9350 |
| Topical term or geographic name entry element | กฎหมาย |
| General subdivision | ปรัชญา |
| 850 ## - HOLDING INSTITUTION | |
| Holding institution | NALT |
| 942 ## - ADDED ENTRY ELEMENTS (KOHA) | |
| Source of classification or shelving scheme | Library of Congress Classification |
| Koha item type | General Book |
| 998 ## - STAFF NAME (NALT) | |
| -- | 104 |
| -- | สายฝน ดีงาม |
| Withdrawn status | Lost status | Source of classification or shelving scheme | Damaged status | Not for loan | Collection code | Home library | Current library | Date acquired | Total Checkouts | Full call number | Barcode | Date last seen | Price effective from | Koha item type |
|---|---|---|---|---|---|---|---|---|---|---|---|---|---|---|
| Library of Congress Classification | General Book collection | National Assembly Library of Thailand | National Assembly Library of Thailand | 14/07/2017 | PN 4193.K5 ภ671ป 2559 | 3961206473 | 26/07/2017 | 14/07/2017 | General Book |
